| Tag |
First Indicator |
Second Indicator |
Subfields |
| LEADER |
00000nam a2200000 4500 |
| 001 |
in00004339986 |
| 005 |
20200812100254.0 |
| 006 |
m g d |
| 007 |
cr bn |||a|bb| |
| 008 |
851202s1641 enk o o00| | eng d |
| 035 |
|
|
|a (UnM)99860017
|
| 037 |
|
|
|a CL0051000001
|b ProQuest Information and Learning. 300 N. Zeeb Rd., Ann Arbor, MI 48106
|
| 040 |
|
|
|a Cu-RivES
|c Cu-RivES
|d CStRLIN
|e dcrb
|d WaOLN
|
| 110 |
1 |
|
|a Scotland.
|b Parliament.
|
| 245 |
1 |
2 |
|a A declaration of the proceedings in the Parliament of Scotland. :
|b Expressing 1. The cause of their delay. 2. The election of officers of state. 3. Their choyse of the Lord Chancellor deserted. 4. His Majesties confirming of acts past. 5. Three acts, 1. Concerning the Palatinate. 2. Concerning images. 3. Concerning the resigning of old officers of state. 6. The reason of the probability of his Majesties long stay. 7. His Majesties delight in hearing sermons there. Whereunto are annexed certain other occurrences, about the Earle of Montrose, and other delinquents, with other Parliamentary affaires, September 30, 1641.
|
| 260 |
|
|
|a Imprinted at London :
|b by Barnard Alsop, dwelling in Grubstreet,
|c 1641.
|
| 300 |
|
|
|a 1 online resource ([8] pages)
|
| 336 |
|
|
|a text
|b txt
|2 rdacontent
|
| 337 |
|
|
|a computer
|b c
|2 rdamedia
|
| 338 |
|
|
|a online resource
|b cr
|2 rdacarrier
|
| 500 |
|
|
|a "1. Concerning the Palatinate.. 3. Concerning the resigning of old officers of state." are bracketed together.
|
| 500 |
|
|
|a Reproduction of the original in the British Library.
|
| 510 |
4 |
|
|a Wing (2nd edition)
|c S1227.
|
| 510 |
4 |
|
|a Thomason
|c E.172[15].
|
| 533 |
|
|
|a Electronic reproduction.
|b Ann Arbor, Mich. :
|c UMI,
|d 1999-
|f (Early English books online)
|n Digital version of: (Thomason Tracts ; 30:E172[15])
|7 s1999 miun s
|
| 600 |
1 |
0 |
|a Montrose, James Graham,
|c Marquis of,
|d 1612-1650
|v Early works to 1800.
|
| 651 |
|
0 |
|a Scotland
|x Politics and government
|y 1625-1649
|v Early works to 1800.
|
| 830 |
|
0 |
|a Early English books online.
|
| 856 |
4 |
0 |
|u http://proxy.library.tamu.edu/login?url=https://search.proquest.com/docview/2240877735
|z Connect to the full text of this electronic book
|t 0
|
| 999 |
f |
f |
|s 8e268f3f-884e-3adc-9583-71e96159770c
|i 1cd6280e-351e-327d-9ec5-9471329f08e9
|t 0
|
| 952 |
f |
f |
|a Texas A&M University
|b College Station
|c Electronic Resources
|d Available Online
|t 0
|h No information provided
|
| 998 |
f |
f |
|t 0
|l Available Online
|